Responses for show #5982 - Tuesday, September 21, 2010

Roger Craig game 7.

Contestants

[<< previous game]

Jelisa Castrodale, a sportswriter from Winston-Salem, North Carolina

Matt Martin, a police officer from Arlington, Virginia

Roger Craig, a graduate student of computer science from Newark, Delaware (whose 6-day cash winnings total $230,200)

[next game >>]

Jeopardy! Round responses

WOMEN ON THE MAP
ZAC(H/K) ATTACK
THAT HURTS!
THE COMEDIC CALVIN COOLIDGE
I KNOW "UR"
BUT WHAT AM EYE?
    $200 17
Victoria

Roger
    $200 12
Spock

Roger
    $200 24
(Alex: Minute to go.)

syringes

Jelisa
    $200 25
urgent

Roger
    $200 1
the lens

Roger
    $400 18
Elizabeth

Matt
    $400 13
The Masters

Jelisa
    $400 23
bee-stung

Matt
    $400 29
[The end-of-round signal sounds.]

a bank

Roger
    $400 22
ursine

Jelisa
    $400 2
the cornea

Roger
    $600 19
Adelaide

Matt
    $600 14
(Matt: Who is Zac Efron?)

Zach Braff

MattJelisa
    $1,500 9
splinter

Jelisa
    $600 28
Washington

Roger
    $600 6
uranium

Roger
    $600 3
the retina

Roger
    $800 20
Oklahoma

Jelisa
    $800 15
Zac Efron

Jelisa
    $800 10
Taser

Jelisa
    $800 27
shaving

Roger
    $800 7
URL

Roger
    $800 4
the iris

Matt
    $1000 21
(Roger: What is...)

Charlotte Amalie

RogerJelisa
    $1000 16
Rage Against the Machine

Roger
    $1000 11
slash

Roger
    $1000 26
(Jelisa: Who was Mark Twain?)

Will Rogers

Jelisa
Triple Stumper
    $1000 8
urethane

Jelisa
    $1000 5
lacrimal ducts

Jelisa

Scores at the first commercial break (after clue 13):

Roger Matt Jelisa
$3,800 $800 $4,700

Scores at the end of the Jeopardy! Round:

Roger Matt Jelisa
$6,000 $1,600 $7,500

Double Jeopardy! Round responses

DICKENS TITLE LETTER DROP
MOVIES AT SEA
PILLOW TALK
WORDS WITH DIACRITICAL MARKS
I KNOW UR
BUT WHAT AM I?
    $400 2
Liver Twist

Matt
    $400 1
Jaws

Roger
    $400 9
(Alex: Ooh, the cop got the answer, [*]. All right.)
[Laughter]
(Alex: That was nasty of me, sorry.)

donuts

Matt
    $400 25
the fiancée

Matt
    $400 4
the British Museum

Roger
    $400 16
prairie dog

Roger
    $800 3
(Matt: [No response])

Christmas Carl

RogerMatt
    $800 24
Das Boot

Roger
    $800 10
the ringbearer

Jelisa
    $800 30
café

Matt
    $800 5
Cyrus

Roger
    $800 17
blue jay

Roger
    $1200 13
The Old Curiosity Hop

Triple Stumper
    $5,000 21
Titanic

Jelisa
    $1200 11
a throw pillow

Jelisa
    $1200 27
a matinée

Jelisa
    $1200 6
Iraq

Roger
    $1200 18
pelican

Roger
    $1600 14
Geat Expectations

Roger
    $1600 22
Waterworld

Matt
    $1600 12
lumbar

Roger
    $1600 28
(Roger: What is...what is an habañero?)

a jalapeño

RogerMatt
    $4,000 7
a ziggurat

Roger
    $1600 19
caiman

Roger
    $2000 15
Our Mutual Fiend

Triple Stumper
    $2000 23
Mister Roberts

Triple Stumper
    $2000 26
memory

Jelisa
    $2000 29
the Nez Percé

Triple Stumper
    $2000 8
Sumeria

Roger
    $2000 20
a thresher

Jelisa

Scores at the end of the Double Jeopardy! Round:

Roger Matt Jelisa
$22,000 $6,000 $19,700

[wagering suggestions for these scores]

Final Jeopardy! Round responses

SPORTS & THE MEDIA
(Alex: Over to Jelisa Castrodale... sportswriter... a sports category. She came up with [*]; yes, the Saints, Super Bowl victory, she is right. She risked... $19,699, giving her $39,399.)
...
(Alex: Over to Roger Craig. We need a correct response, obviously. Chicago, we didn't get it. It's going to cost you how much? $17,401. You'd have won by two dollars, but as a result of this Final, Jelisa, congratulations, you are the new Jeopardy! champion with $39,399, about what Roger has been averaging. You get to play again tomorrow, right here, we'll see you then. So long, everybody.)
[ZergCam]
MattWhat is Miami
$1,000
JelisaWhat is New Orleans?
$19,699
RogerWhat is Chicago?
$17,401
New Orleans

Final scores:

Roger Matt Jelisa
$4,599 $5,000 $39,399
3rd place: $1,000 2nd place: $2,000 New champion: $39,399

Game dynamics:

Coryat scores:

Roger Matt Jelisa
$19,600 $6,000 $15,000
27 R
(including 1 DD),
2 W
10 R,
2 W
17 R
(including 2 DDs),
1 W

Combined Coryat: $40,600

The J! Archive is created by fans, for fans. The Jeopardy! game show and all elements thereof, including but not limited to copyright and trademark thereto, are the property of Jeopardy Productions, Inc. and are protected under law. This website is not affiliated with, sponsored by, or operated by Jeopardy Productions, Inc. Join the discussion at JBoard.tv.